Strategic management of the fifth resource: corporate real estate (Record no. 91004)

MARC details
000 -LEADER
fixed length control field 01177cam a2200361 4500
008 - FIXED-LENGTH DATA ELEMENTS--GENERAL INFORMATION
fixed length control field 090401t1993 xxu||||| |||| 00| 0 eng d
020 ## - INTERNATIONAL STANDARD BOOK NUMBER
International Standard Book Number 0931566487
035 ## - SYSTEM CONTROL NUMBER
System control number (Sirsi) u41925
041 ## - LANGUAGE CODE
Language code of text/sound track or separate title eng
050 ## - LIBRARY OF CONGRESS CALL NUMBER
Classification number 333.330973
100 ## - MAIN ENTRY--PERSONAL NAME
Personal name Joroff, Michael
245 ## - TITLE STATEMENT
Title Strategic management of the fifth resource: corporate real estate
260 ## - PUBLICATION, DISTRIBUTION, ETC.
Place of publication, distribution, etc. Atlanta
Name of publisher, distributor, etc. Industrial Development Research Foundation
Date of publication, distribution, etc. 1993
300 ## - PHYSICAL DESCRIPTION
Extent 104p.
Dimensions 28cm.
350 ## - PRICE (NR) (BK AM CF MU VM SE) [OBSOLETE]
Price 69.95
490 ## - SERIES STATEMENT
Series statement Corporate Real Estate
Volume/sequential designation 2000
520 ## - SUMMARY, ETC.
Summary, etc. An American report on the new developments in the way that corporate real estate is managed, which forms phase one of the project known as Corporate Real Estate 2000.
650 ## - SUBJECT ADDED ENTRY--TOPICAL TERM
Topical term or geographic name entry element ASSETS
650 ## - SUBJECT ADDED ENTRY--TOPICAL TERM
Topical term or geographic name entry element COMPANIES
650 ## - SUBJECT ADDED ENTRY--TOPICAL TERM
Topical term or geographic name entry element CORPORATE REAL ESTATE 2000
650 ## - SUBJECT ADDED ENTRY--TOPICAL TERM
Topical term or geographic name entry element FIFTH RESOURCE
650 ## - SUBJECT ADDED ENTRY--TOPICAL TERM
Topical term or geographic name entry element IDRC
650 ## - SUBJECT ADDED ENTRY--TOPICAL TERM
Topical term or geographic name entry element Property management
9 (RLIN) 6262
650 ## - SUBJECT ADDED ENTRY--TOPICAL TERM
Topical term or geographic name entry element PROPERTY RESEARCH
650 ## - SUBJECT ADDED ENTRY--TOPICAL TERM
Topical term or geographic name entry element UNITED STATES
690 ## - LOCAL SUBJECT ADDED ENTRY--TOPICAL TERM (OCLC, RLIN)
Topical term or geographic name as entry element PROPERTY LAW AND PRACTICE
700 ## - ADDED ENTRY--PERSONAL NAME
Personal name Louargand, Marc
700 ## - ADDED ENTRY--PERSONAL NAME
Personal name Lambert, Sandra
700 ## - ADDED ENTRY--PERSONAL NAME
Personal name Becker, Franklin
710 ## - ADDED ENTRY--CORPORATE NAME
Corporate name or jurisdiction name as entry element Industrial Development Research Foundation
9 (RLIN) 573
942 ## - ADDED ENTRY ELEMENTS (KOHA)
Suppress in OPAC 0
948 ## - LOCAL PROCESSING INFORMATION (OCLC); SERIES PART DESIGNATOR (RLIN)
c (OCLC) 04/03/1997
Holdings
Withdrawn status Lost status Source of classification or shelving scheme Damaged status Not for loan Home library Current library Shelving location Date acquired Cost, normal purchase price Total Checkouts Full call number Barcode Date last seen Date last checked out Copy number Cost, replacement price Price effective from Koha item type
    Dewey Decimal Classification     London London Basement 14/09/1999 69.95 18 BASEMENT 30055632 06/08/2019 26/02/2007 2 69.95 06/08/2019 Book